| 000 | 00525nam a22001937a 4500 | ||
|---|---|---|---|
| 003 | OSt | ||
| 005 | 20131108132240.0 | ||
| 008 | 130610s2007 sp ||||| |||| 00| 0 spa d | ||
| 020 | _a9788496612754 | ||
| 040 | _cCDMR | ||
| 100 | 1 |
_93255 _aNafría, Ismael _d1968- |
|
| 245 |
_aWeb 2.0 _b: el usuario, nuevo rey de Internet _cIsmael Nafría |
||
| 260 |
_aBarcelona _bGestión 2000 _c2007 |
||
| 300 | _a371 p. | ||
| 650 | 0 | 4 |
_93137 _aWeb 2.0 |
| 650 | 0 | 4 |
_94302 _aInternet _xHistòria |
| 650 | 0 | 4 |
_94298 _aInternautes |
| 942 |
_2udc _cMON |
||
| 999 |
_c6433 _d6433 |
||